Martínková, Lenka, 1969-. Zeměpanské konfirmační a konsensní listiny z lucemburské doby pro moravské příjemce. - Brno : Masarykova univerzita. - 2003 [Rezension]
| Titel: | Martínková, Lenka, 1969-. Zeměpanské konfirmační a konsensní listiny z lucemburské doby pro moravské příjemce. - Brno : Masarykova univerzita. - 2003 [Rezension] |
|---|---|
| Verfasser: | |
| In: |
Jižní Morava, Band 40, Heft 43 (2004), Seite 367 alle Artikel anzeigen |
| Veröffentlicht: | 2004 |
| Format: | Aufsatz |
| Sprache: | Tschechisch |
X
alg: 39519836 001A $01999:12-11-16 001B $01999:09-08-21 $t17:42:56.000 001D $01999:12-11-16 001U $0utf8 001X $00 002@ $0Aox 003@ $0395198364 007A $0395198364 $aHEB 007T $0Herdp35636 010@ $acze 011@ $a2004 021A $aMartínková, Lenka, 1969-. Zeměpanské konfirmační a konsensní listiny z lucemburské doby pro moravské příjemce. - Brno : Masarykova univerzita. - 2003 [Rezension] 028A $aBorovský $dTomáš 031A $d40 $e43 $h367 $j2004 039B $aIn $8--Abvc--. Jižní Morava. - Mikulov : Státní okresní archiv Břeclav se sídlem v Mikulově, 1966-. - ISSN 0449-0436 $x200400000400043633 $9048246115 039T $8--Aau--Martínková, Lenka$Z1969- [Tp3]. Zeměpanské konfirmační a konsensní listiny z lucemburské doby pro moravské příjemce. - Brno : Masarykova univerzita, 2003. - 264 S.. - Ill., Kt.. - ISBN 80-210-3240-5 $912905285X 045F $a900.94371 $eDDC23BSB 045F/01 $a900 045F/03 $g4371 045T $aOST $qDE-12 $2FID lok: 39519836 78 exp: 39519836 78 1 #EPN 201B/01 $026-11-17 $t04:12:54.000 201U/01 $0utf8 203@/01 $0791520153 208@/01 $a12-11-16 $be 209A/01 $a/ $f000 $x00 220C/01 $aHerkunft: Hú Av Čr Praha 244Z/01 $#Tschechien $#Tschechische Republik $#Tschechische Republik $#Tschechenland $#Tschechei Tschechien $#Česká Republika $#Czech Republic $#ČR $74303381-7 $8--Tg1--Tschechien $x01 $9086659812 244Z/01 $2Trx $#Böhmen $#Bohemia $#Czechy $8--Trx--Čechy $x02 $9391188941 244Z/01 $2Trx $#arvustused $#recenzijos $#Reviews $#recenziók $#recenzje $#recenzie $#recenze $8--Trx--Rezensionen $x03 $9391357441 247C/01 $82080>Marburg/Lahn, Herder-Institut, Forschungsbibliothek, Bibliographieportal $9336309341
| LEADER | 00000caa a22000002c 4500 | ||
|---|---|---|---|
| 001 | 395198364 | ||
| 003 | DE-603 | ||
| 005 | 20210809174256.0 | ||
| 007 | tu | ||
| 008 | 161112s2004 xx |||| | u00||u|cze c | ||
| 035 | |a (DE-599)HEB395198364 | ||
| 040 | |a DE-603 |b ger |c DE-603 |d DE-603 | ||
| 041 | |a cze | ||
| 082 | 0 | 4 | |8 1\u |a 900.94371 |q DE-101 |2 23/BSB |
| 084 | |a OST |q DE-12 |2 fid | ||
| 085 | |8 1\u |b 900 | ||
| 085 | |8 1\u |z 2 |s 4371 | ||
| 100 | 1 | |a Borovský, Tomáš | |
| 245 | 0 | 0 | |a Martínková, Lenka, 1969-. Zeměpanské konfirmační a konsensní listiny z lucemburské doby pro moravské příjemce. - Brno : Masarykova univerzita. - 2003 [Rezension] |
| 264 | 0 | |c 2004 | |
| 773 | 0 | 8 | |i In |t Jižní Morava |d Mikulov : Státní okresní archiv Břeclav se sídlem v Mikulově, 1966- |x 0449-0436 |g Band 40, Heft 43 (2004), Seite 367 |w (DE-603)048246115 |w (DE-600)958925-9 |
| 787 | 0 | 8 | |i Rezension von |a Martínková, Lenka, 1969- |t Zeměpanské konfirmační a konsensní listiny z lucemburské doby pro moravské příjemce |d Brno : Masarykova univerzita, 2003 |h 264 S., Ill., Kt. |z 8021032405 |z 8086488101 |w (DE-603)12905285X |
| 924 | 0 | |9 2080 |a (DE-603)791520153 |b DE-2080 |c HES |d d |g / | |


